Illuminati Members (Marvel) by Picture - Statistics

General Stats
  • This quiz has been taken 30 times
  • The average score is 8 of 8
Answer Stats
Picture Answer % Correct
Black Panther
100%
Iron Man
100%
Professor X
100%
Doctor Strange
96%
Mr. Fantastic
96%
Black Bolt
92%
Beast
88%
Namor the Sub-Mariner
88%
No matching quizzes found
Score Distribution
Percent of People with Each Score
Percentile by Number Answered
Your Score History
You have not taken this quiz